书目信息 |
| 题名: |
新编大学物理教程
|
|
| 作者: | 郭振平 主编 | |
| 分册: | ||
| 出版信息: | 北京 科学出版社 2019 |
|
| 页数: | 368页 | |
| 开本: | 26cm | |
| 丛书名: | ||
| 单 册: | ||
| 中图分类: | O4-43 | |
| 科图分类: | ||
| 主题词: | 物理学--wu li xue--高等教育--教材 | |
| 电子资源: | ||
| ISBN: | 978-7-03-049423-8 | |
| 000 | 00925nam0 2200277 45 | |
| 001 | 012001003006 | |
| 005 | 20140126134513.0 | |
| 010 | @a978-7-03-049423-8@dCNY45.00 | |
| 099 | @aCAL 012017012488 | |
| 100 | @a20170220d2016 em y0chiy50 ea | |
| 101 | 0 | @achi |
| 102 | @aCN@b110000 | |
| 105 | @aa a 000yy | |
| 106 | @ar | |
| 200 | 1 | @a新编大学物理教程@Axin bian da xue wu li jiao cheng@f郭振平主编@FGuo Zhen Ping Zhu Bian@PGZPZB |
| 210 | @a北京@c科学出版社@d2019 | |
| 215 | @a368页@c图@d26cm | |
| 300 | @a普通高等教育“十三五”规划教材 | |
| 320 | @a有书目 | |
| 330 | @a本书分为19章,内容包括:几何光学基础、光的偏振、光的干涉、光的衍射、量子光学基础、运动的相对性等。 | |
| 517 | 1 | @a大学物理教程@Ada xue wu li jiao cheng |
| 606 | 0 | @a物理学@Awu li xue@x高等教育@j教材 |
| 690 | @aO4-43@v5 | |
| 701 | 0 | @a郭振平@Aguo zhen ping@4主编 |
| 801 | 0 | @aCN@b北京卓展@c20191020 |
| 905 | @b1210056-9@dO4-43@e1046@f4 | |
| 新编大学物理教程/郭振平主编.-北京:科学出版社,2019 |
| 368页:图;26cm |
| 普通高等教育“十三五”规划教材 |
| ISBN 978-7-03-049423-8:CNY45.00 |
| 本书分为19章,内容包括:几何光学基础、光的偏振、光的干涉、光的衍射、量子光学基础、运动的相对性等。 |
| ● |
| 相关链接 |
|
|
|
|
正题名:新编大学物理教程
索取号:O4-43/1046
 
预约/预借
| 序号 | 登录号 | 条形码 | 馆藏地/架位号 | 状态 | 备注 |
| 1 | 1210056 | 212100563 | 第二样本阅览室/ [索取号:O4-43/1046] | 在馆 | |
| 2 | 1210057 | 212100572 | 第三借阅区/ [索取号:O4-43/1046] | 在馆 | |
| 3 | 1210058 | 212100581 | 第三借阅区/ [索取号:O4-43/1046] | 在馆 | |
| 4 | 1210059 | 212100590 | 第三借阅区/ [索取号:O4-43/1046] | 在馆 |